000 00566nam a2200205Ia 4500
005 20250508154448.0
008 008 250505s9999 xx 000 0 eng d
037 _aReference
040 _aFEDL
_beng
_cFEDL
041 _aeng
_2eng
084 _a370.15, CRO
_qFEDL
100 _aCrow Lester D
245 0 _aEducatonal psychology
250 _aRev. Edition
260 _aNew Delhi, India
_bEurasia Publishing House Pvt.Ltd.
_c1964
300 _a601p
700 _a Crow Alice
_9765489
942 _cREF
_h370.15, CRO
999 _c1350399
_d1350399